Statystyki dla Historia Polski - Podaj rok wydarzeń

Kliknij tutaj aby rozwiązać quiz!

Ogólne statystyki

  • Ten quiz został rozwiązany 1 356 razy
  • Średni wynik to 12 z 15

Statystyki odpowiedzi

HintOdpowiedź% Poprawnych
Chrzest Polski966
99%
Bitwa pod Grunwaldem1410
97%
Wybuch 2 wojny światowej1939
90%
Koronowanie Bolesława Chrobrego1025
89%
Wybuch 1 wojny światowej1914
89%
Wybuch powstania warszawskiego1944
87%
Obalenie komunizmu1989
86%
I Rozbiór Polski1772
84%
Wprowadzenie stanu wojennego1981
83%
Bitwa warszawska1920
79%
Konstytucja 3 maja1793
71%
Powstanie styczniowe1863
70%
Powstanie kościuszkowskie1794
63%
Potop Szwedzki1655
62%
Bitwa pod Kircholmem1605
46%

Rozkład punktacji

Percentyl według liczby udzielonych odpowiedzi

Procent ludzi z każdym wynikiem

Twoja historia wyników

Nie rozwiązałeś tego quizu